[Event "Isle of Man Masters"]
[Site "Douglas IMN"]
[Date "2018.10.27"]
[EventDate "2018.10.20"]
[Round "8.1"]
[Result "1/2-1/2"]
[White "Maxime Vachier-Lagrave"]
[Black "Wang Hao"]
[WhiteElo "2780"]
[BlackElo "2722"]
[PlyCount "104"]

1. e4 e5 2. Nf3 Nf6 3. Nxe5 d6 4. Nf3 Nxe4 5. d4 d5 6. Bd3 Bd6
7. O-O O-O 8. c4 c6 9. Nc3 Nxc3 10. bxc3 dxc4 11. Bxc4 Bf5
12. Ng5 h6 13. Qf3 Bg6 14. Ne4 Bxh2+ 15. Kxh2 Qh4+ 16. Qh3
Qxh3+ 17. gxh3 Bxe4 18. Rg1 Re8 19. Bxh6 g6 20. Rge1 Nd7
21. Bf1 c5 22. Bb5 Bc6 23. Rxe8+ Rxe8 24. Bxc6 bxc6 25. Be3
cxd4 26. Bxd4 a6 27. Rd1 Re2 28. Be3 Ne5 29. Rd8+ Kg7 30. a4
Ra2 31. Kg3 f6 32. f4 Nf7 33. Rc8 Rxa4 34. Rxc6 Nh6 35. Rc7+
Kg8 36. Kf3 Nf5 37. Bf2 g5 38. fxg5 fxg5 39. c4 Nd6 40. c5
Rf4+ 41. Kg2 Nf5 42. c6 Rc4 43. Bb6 g4 44. hxg4 Rxg4+ 45. Kf3
Rc4 46. Rc8+ Kf7 47. c7 Ne7 48. Ra8 Ke6 49. Rxa6 Rc6 50. Ra8
Rxb6 51. c8=Q+ Nxc8 52. Rxc8 Ke5 1/2-1/2

[Event "Isle of Man Masters"]
[Site "Douglas IMN"]
[Date "2018.10.28"]
[EventDate "2018.10.20"]
[Round "9.4"]
[Result "1/2-1/2"]
[White "Wang Hao"]
[Black "Viswanathan Anand"]
[WhiteElo "2722"]
[BlackElo "2771"]
[PlyCount "117"]

1. d4 Nf6 2. c4 e6 3. Nf3 d5 4. Nc3 Be7 5. Bg5 h6 6. Bh4 dxc4
7. e3 c5 8. dxc5 Qxd1+ 9. Rxd1 Nbd7 10. c6 bxc6 11. Bxc4 Rb8
12. Na4 Nb6 13. Nxb6 Rxb6 14. b3 Bb4+ 15. Ke2 Ba6 16. Bxf6
Bxc4+ 17. bxc4 gxf6 18. Rb1 Ke7 19. Rb3 Bc5 20. Rhb1 Rhb8
21. Ne1 Bd6 22. Nd3 c5 23. g4 Kd7 24. f4 Kc6 25. h4 Be7 26. h5
Rg8 27. Kf3 Bd6 28. Rb5 Ra6 29. Rb7 Rf8 30. R7b2 Rb6 31. Rb5
Ra6 32. R1b2 Ra4 33. Nf2 Rxc4 34. Ne4 Bc7 35. Nxf6 Rc1 36. Rb1
Rxb1 37. Rxb1 Bd8 38. Ne4 f5 39. gxf5 exf5 40. Nd2 Rg8 41. Rb8
Kc7 42. Rb3 Bh4 43. Ra3 Rg3+ 44. Ke2 Rg2+ 45. Kd3 Kb7 46. Nc4
Be7 47. Rb3+ Kc7 48. a4 Ra2 49. a5 Ra1 50. Rb2 Rd1+ 51. Kc2
Ra1 52. Kb3 Bf6 53. Rd2 Rc1 54. Ne5 Bxe5 55. fxe5 c4+ 56. Kb4
c3 57. Rd5 c2 58. Kc3 Re1 59. Kxc2 1/2-1/2

[Event "World Rapid Championship"]
[Site "St Petersburg RUS"]
[Date "2018.12.26"]
[EventDate "2018.12.26"]
[Round "1.7"]
[Result "0-1"]
[White "Artur Gabrielian"]
[Black "Hao Wang"]
[WhiteElo "2499"]
[BlackElo "2730"]
[PlyCount "116"]

1. e4 e5 2. Nf3 Nc6 3. Bc4 Nf6 4. d3 h6 5. O-O d6 6. c3 g6 7. d4 Qe7 8. Re1 Bg7
9. h3 O-O 10. Nbd2 Bd7 11. a4 a5 12. Nf1 Rfe8 13. Ng3 Qf8 14. Qb3 exd4 15. cxd4
d5 16. exd5 Nxd4 17. Rxe8 Nxf3+ 18. Qxf3 Nxe8 19. Bb3 Qb4 20. Bf4 g5 21. Bc1
Qe1+ 22. Nf1 Nd6 23. Qd1 Qxd1 24. Bxd1 b6 25. Bg4 Bxg4 26. hxg4 Re8 27. Ne3 Re4
28. Ra2 Rb4 29. Kf1 Kf8 30. f3 Ke8 31. Ke2 Kd7 32. Kd3 Be5 33. Kc2 Bf4 34. Ra1
Nc4 35. Nf5 Bxc1 36. Rxc1 Rxb2+ 37. Kc3 Rb4 38. Rh1 Rxa4 39. Rxh6 Ne5 40. Ng3
Nxg4 41. Rh5 Ne3 42. Rxg5 Nxg2 43. Ne4 Ne3 44. Kd3 Ra3+ 45. Kd4 Nc2+ 46. Ke5
Rxf3 47. Rg8 Ne3 48. Nf6+ Rxf6 49. Kxf6 Nxd5+ 50. Ke5 Kc6 51. Rg1 Nb4 52. Rc1+
Kd7 53. Kf6 c5 54. Kxf7 Kd6 55. Rd1+ Nd5 56. Kg6 Ke5 57. Re1+ Kd4 58. Kf5 Ne3+ 0-1

[Event "World Rapid Championship"]
[Site "St Petersburg RUS"]
[Date "2018.12.26"]
[EventDate "2018.12.26"]
[Round "2.5"]
[Result "1-0"]
[White "Hao Wang"]
[Black "Kacper Piorun"]
[WhiteElo "2730"]
[BlackElo "2634"]
[PlyCount "104"]

1. e4 e5 2. Nf3 Nc6 3. Bb5 Nf6 4. d3 Bc5 5. c3 d5 6. exd5 Qxd5 7. Bc4 Qd6 8. O-O
O-O 9. b4 Bb6 10. Nbd2 Bf5 11. Qe2 a6 12. a4 Rfe8 13. Ng5 Bg6 14. Nde4 Nxe4 15.
Nxe4 Qd7 16. h4 h6 17. Bxh6 Bxe4 18. dxe4 gxh6 19. Rad1 Qe7 20. Qg4+ Kh8 21. Rd7
Rg8 22. Qh5 Qf6 23. Rxf7 Qg6 24. Qf3 Rgd8 25. Bd5 Rd6 26. g3 Re8 27. Kg2 Nd8 28.
a5 Rxd5 29. Rf6 Qg7 30. exd5 Ba7 31. Qf5 e4 32. Rg6 Re5 33. Rxg7 Rxf5 34. Rxc7
Rxd5 35. Re7 Kg8 36. Rxe4 Kf7 37. Rf4+ Ke7 38. Re1+ Ne6 39. Rfe4 Rd6 40. c4 b6
41. axb6 Rxb6 42. c5 Rc6 43. Ra1 Bb8 44. f4 Kf6 45. Kf3 Bc7 46. Ra3 a5 47. bxa5
Ra6 48. Rc4 h5 49. Ke4 Rxa5 50. Rxa5 Bxa5 51. Kd5 Be1 52. Re4 1-0

[Event "World Rapid Championship"]
[Site "St Petersburg RUS"]
[Date "2018.12.26"]
[EventDate "2018.12.26"]
[Round "3.5"]
[Result "1/2-1/2"]
[White "Jan-Krzysztof Duda"]
[Black "Hao Wang"]
[WhiteElo "2738"]
[BlackElo "2730"]
[PlyCount "22"]

1. Nf3 d5 2. c4 e6 3. e3 Nf6 4. b3 b6 5. Bb2 Bb7 6. cxd5 exd5 7. g3 Nbd7 8. Bg2
Ba6 9. Bf1 Bb7 10. Bg2 Ba6 11. Bf1 1/2-1/2

[Event "World Rapid Championship"]
[Site "St Petersburg RUS"]
[Date "2018.12.26"]
[EventDate "2018.12.26"]
[Round "4.5"]
[Result "1/2-1/2"]
[White "Hao Wang"]
[Black "Alexander Zubov"]
[WhiteElo "2730"]
[BlackElo "2597"]
[PlyCount "58"]

1. e4 Nc6 2. d4 e5 3. d5 Nce7 4. Be3 d6 5. c4 f5 6. Nc3 Nf6 7. Bd3 g6 8. f3 c5
9. h3 Bg7 10. Nge2 O-O 11. g4 Bd7 12. Qc2 f4 13. Bf2 g5 14. a3 b6 15. h4 h6 16.
O-O-O Ng6 17. h5 Nh8 18. Kb1 Nf7 19. Nc1 a6 20. b4 Qc7 21. Nb3 Rfb8 22. Rc1 Bf8
23. Qe2 Nd8 24. Kc2 cxb4 25. axb4 a5 26. b5 Nb7 27. Na4 Nc5 28. Nbxc5 dxc5 29.
Be1 Bd6 1/2-1/2

[Event "World Rapid Championship"]
[Site "St Petersburg RUS"]
[Date "2018.12.26"]
[EventDate "2018.12.26"]
[Round "5.8"]
[Result "0-1"]
[White "Dmitry Bocharov"]
[Black "Hao Wang"]
[WhiteElo "2533"]
[BlackElo "2730"]
[PlyCount "98"]

1. Nf3 d5 2. e3 Nf6 3. c4 e6 4. b3 b6 5. Bb2 Bb7 6. Nc3 Nbd7 7. cxd5 exd5 8. d4
Bd6 9. g3 O-O 10. Bg2 Ba6 11. Ne2 Bb4+ 12. Kf1 Re8 13. Kg1 Bd6 14. Nf4 Bb7 15.
Rc1 a5 16. Nd3 a4 17. Nfe5 axb3 18. axb3 Qe7 19. Bh3 Ra2 20. Nc6 Qe4 21. Rc2 h5
22. Bg2 Qf5 23. Bf3 Ng4 24. Ndb4 Rxb2 25. Rxb2 Ndf6 26. h3 Nxe3 27. fxe3 Rxe3
28. Kg2 Qg5 29. Ne5 Bxb4 30. h4 Qf5 31. Re2 Rc3 32. Qa1 Rxb3 33. Qa4 Rxf3 34.
Qxb4 Ba6 35. Nxf3 Bxe2 36. Qc3 Qe4 37. Ra1 Ng4 38. Ra3 g6 39. Kg1 Bxf3 40. Qxf3
Qxd4+ 41. Kg2 Qb2+ 42. Kg1 Qc1+ 43. Kg2 Qd2+ 44. Kg1 Qd4+ 45. Kg2 Ne5 46. Ra8+
Kg7 47. Qa3 Qe4+ 48. Kg1 Qe1+ 49. Kg2 Qe2+ 0-1

[Event "World Rapid Championship"]
[Site "St Petersburg RUS"]
[Date "2018.12.27"]
[EventDate "2018.12.26"]
[Round "6.4"]
[Result "1/2-1/2"]
[White "Wang Hao"]
[Black "Boris Gelfand"]
[WhiteElo "2730"]
[BlackElo "2673"]
[PlyCount "79"]

1. d4 Nf6 2. Nf3 d5 3. Bf4 c5 4. e3 Nc6 5. Nbd2 cxd4 6. exd4
Bf5 7. c3 e6 8. Nh4 Bg4 9. Qb3 Bd6 10. Bxd6 Qxd6 11. h3 Bh5
12. Bd3 O-O-O 13. Bb5 Kb8 14. Nhf3 Bxf3 15. Nxf3 Ne4 16. O-O
g5 17. Rfe1 Rhg8 18. c4 f6 19. Bxc6 Qxc6 20. Rac1 g4 21. cxd5
gxf3 22. Qxf3 Ng5 23. dxc6 Nxf3+ 24. Kh1 Rxd4 25. gxf3 e5
26. Rc2 Rd3 27. cxb7 Rxf3 28. Kh2 Kxb7 29. Re4 Rf5 30. Rb4+
Ka8 31. Rg4 Rxg4 32. hxg4 Rg5 33. f3 h5 34. Kh3 hxg4+ 35. fxg4
f5 36. gxf5 Rxf5 37. Re2 Rg5 38. Kh4 Rg8 39. Rxe5 Rg2 40. Rb5
1/2-1/2

[Event "World Rapid Championship"]
[Site "St Petersburg RUS"]
[Date "2018.12.27"]
[EventDate "2018.12.26"]
[Round "7.6"]
[Result "0-1"]
[White "Nikita Vitiugov"]
[Black "Wang Hao"]
[WhiteElo "2719"]
[BlackElo "2730"]
[PlyCount "82"]

1. e4 e5 2. Nf3 Nc6 3. Bc4 Nf6 4. d4 exd4 5. e5 Ne4 6. Qe2 Nc5
7. c3 d3 8. Qe3 Be7 9. b4 Ne6 10. O-O d5 11. exd6 cxd6
12. Qxd3 O-O 13. Nbd2 a5 14. Rb1 axb4 15. cxb4 Nxb4 16. Rxb4
d5 17. Rb2 dxc4 18. Qxd8 Nxd8 19. Nxc4 Be6 20. Re1 Bf6
21. Nce5 Re8 22. Ree2 Rc8 23. Rbc2 Rxc2 24. Rxc2 Bf5 25. Rd2
Ne6 26. h3 h5 27. Bb2 Be4 28. Nc4 Be7 29. Nfe5 f6 30. Nf3 Bb4
31. Rd1 Rc8 32. Ne3 Bf8 33. Nd4 Nf4 34. f3 Bg6 35. Nb3 Ra8
36. Ra1 Re8 37. Bc1 Bb4 38. a3 Bc3 39. Ra2 Bf7 40. Nd1 Re1+
41. Kf2 Nd3+ 0-1

[Event "World Rapid Championship"]
[Site "St Petersburg RUS"]
[Date "2018.12.27"]
[EventDate "2018.12.26"]
[Round "8.4"]
[Result "1/2-1/2"]
[White "Wang Hao"]
[Black "Sanan Sjugirov"]
[WhiteElo "2730"]
[BlackElo "2663"]
[PlyCount "107"]

1. e4 c5 2. Nf3 d6 3. d4 cxd4 4. Nxd4 Nf6 5. Nc3 a6 6. h3 e5
7. Nde2 h5 8. Nd5 Nxd5 9. Qxd5 Nc6 10. Qd1 Be6 11. Nc3 Rc8
12. Be3 g6 13. Qd2 Bg7 14. O-O-O Nd4 15. Kb1 Qa5 16. a3 O-O
17. Bd3 b5 18. Ne2 Qxd2 19. Rxd2 Rfe8 20. Nxd4 exd4 21. Bf4
Be5 22. Bh2 Bxh2 23. Rxh2 Bd7 24. Rh1 d5 25. f3 Bc6 26. exd5
Bxd5 27. Rhd1 Kg7 28. Bf1 Bc4 29. Bxc4 Rxc4 30. b3 Rc6
31. Rxd4 Re2 32. R1d2 Rxd2 33. Rxd2 h4 34. Kb2 g5 35. Rd4 Re6
36. Rd2 Rc6 37. Rd4 Re6 38. Kc3 Re1 39. Rd2 Kf6 40. Kb4 Kf5
41. Ka5 Re6 42. c4 bxc4 43. bxc4 Re3 44. a4 Rc3 45. Kxa6 Rxc4
46. Ra2 Rb4 47. a5 Kf4 48. Ka7 f5 49. a6 Rb5 50. Ka8 Kg3
51. a7 f4 52. Rc2 Kh2 53. Re2 Kg3 54. Rc2 1/2-1/2

[Event "World Rapid Championship"]
[Site "St Petersburg RUS"]
[Date "2018.12.27"]
[EventDate "2018.12.26"]
[Round "9.3"]
[Result "0-1"]
[White "Dmitry Andreikin"]
[Black "Wang Hao"]
[WhiteElo "2719"]
[BlackElo "2730"]
[PlyCount "114"]

1. Nf3 d5 2. e3 Nf6 3. c4 e6 4. d4 b6 5. Bd3 Bd6 6. O-O O-O
7. Nc3 Bb7 8. Qe2 Nbd7 9. e4 dxe4 10. Nxe4 Nxe4 11. Bxe4 Bxe4
12. Qxe4 h6 13. Rd1 Qe7 14. b3 Nf6 15. Qe2 a5 16. a4 Rfd8
17. Bb2 c6 18. Ne5 Bxe5 19. Qxe5 Qd6 20. Qe2 Qf4 21. Rd3 b5
22. Rf3 Qe4 23. Re3 Qf4 24. Bc3 bxc4 25. bxc4 Qg4 26. Qc2 c5
27. h3 Qh4 28. dxc5 Qxc4 29. Qe2 Qxc5 30. Bxf6 gxf6 31. Rb1
Rab8 32. Rg3+ Kf8 33. Rxb8 Rxb8 34. Qd2 Ke7 35. Kh2 h5 36. Rd3
Qc7+ 37. f4 Rb4 38. Rd4 Rxd4 39. Qxd4 h4 40. Qf2 Qc3 41. Qxh4
Qd4 42. Qg3 Qxa4 43. h4 Qb5 44. Qa3+ Qb4 45. Qe3 Kf8 46. Qg3
Qc5 47. Qg4 a4 48. h5 Qf5 49. Qf3 Kg7 50. g4 Qc2+ 51. Kg1 Qb1+
52. Kf2 Qb2+ 53. Ke1 a3 54. h6+ Kh7 55. Qd3+ Kxh6 56. g5+ fxg5
57. fxg5+ Kg7 0-1

[Event "World Rapid Championship"]
[Site "St Petersburg RUS"]
[Date "2018.12.27"]
[EventDate "2018.12.26"]
[Round "10.3"]
[Result "1/2-1/2"]
[White "Wang Hao"]
[Black "Ian Nepomniachtchi"]
[WhiteElo "2730"]
[BlackElo "2763"]
[PlyCount "39"]

1. e4 c5 2. Nf3 d6 3. Bb5+ Nd7 4. O-O a6 5. Bxd7+ Bxd7 6. d4
cxd4 7. Qxd4 e5 8. Qd3 h6 9. a4 Nf6 10. a5 Be7 11. c4 b5
12. axb6 Qxb6 13. Nc3 O-O 14. Be3 Qb7 15. h3 Rfc8 16. Nd2 Be6
17. Rfb1 a5 18. b3 Ra6 19. Ra2 Bd7 20. Rba1 1/2-1/2

[Event "World Rapid Championship"]
[Site "St Petersburg RUS"]
[Date "2018.12.28"]
[EventDate "2018.12.26"]
[Round "11.2"]
[Result "1/2-1/2"]
[White "Vladislav Artemiev"]
[Black "Wang Hao"]
[WhiteElo "2709"]
[BlackElo "2730"]
[PlyCount "44"]

1. d4 Nf6 2. Bg5 e6 3. Nd2 d5 4. e3 Be7 5. Bd3 b6 6. c3 Bb7
7. Ngf3 Nbd7 8. Qb1 h6 9. Bh4 Nh5 10. Bxe7 Qxe7 11. O-O Nhf6
12. Ne5 Nxe5 13. dxe5 Nd7 14. f4 O-O 15. Nf3 Nc5 16. Bh7+ Kh8
17. Bc2 Ne4 18. Qd1 c5 19. Qe2 a5 20. Bd3 Rad8 21. Rad1 Bc6
22. Qe1 Kg8 1/2-1/2

[Event "World Rapid Championship"]
[Site "St Petersburg RUS"]
[Date "2018.12.28"]
[EventDate "2018.12.26"]
[Round "13.5"]
[Result "1/2-1/2"]
[White "Alireza Firouzja"]
[Black "Wang Hao"]
[WhiteElo "2607"]
[BlackElo "2730"]
[PlyCount "77"]

1. e4 e5 2. Nf3 Nc6 3. Bb5 a6 4. Ba4 d6 5. c3 Bd7 6. d4 g6
7. O-O Bg7 8. Bg5 Nf6 9. Nbd2 h6 10. Bh4 b5 11. Bc2 O-O
12. Nb3 exd4 13. cxd4 g5 14. Bg3 Nh5 15. a3 Ne7 16. e5 Nxg3
17. hxg3 dxe5 18. Nxe5 Bf5 19. Rc1 a5 20. Bxf5 Nxf5 21. Nc6
Qd6 22. Qd3 Ne7 23. Qxb5 a4 24. Nba5 Nxc6 25. Nxc6 Rfe8
26. Rc4 Re2 27. Rxa4 Rxa4 28. Qxa4 Rxb2 29. Re1 Qf6 30. Ne7+
Kh7 31. Qa8 Qxf2+ 32. Kh2 Bf8 33. Qe4+ Kh8 34. Nf5 Kg8 35. Rc1
Re2 36. Qd5 Rc2 37. Rxc2 Qxc2 38. Qe5 Qd1 39. a4 1/2-1/2

[Event "World Rapid Championship"]
[Site "St Petersburg RUS"]
[Date "2018.12.28"]
[EventDate "2018.12.26"]
[Round "15.7"]
[Result "1/2-1/2"]
[White "Wang Hao"]
[Black "Ivan Cheparinov"]
[WhiteElo "2730"]
[BlackElo "2709"]
[PlyCount "103"]

1. e4 e5 2. Bc4 Nf6 3. d3 Bc5 4. Nf3 Nc6 5. c3 d6 6. O-O O-O
7. h3 h6 8. Re1 a5 9. Bb3 Re8 10. Nbd2 Be6 11. Ba4 Qb8 12. Nf1
b5 13. Bc2 Qb6 14. Qe2 Rad8 15. Ng3 d5 16. Nh4 d4 17. Qf3 dxc3
18. bxc3 b4 19. Bxh6 bxc3 20. Be3 Nd4 21. Bxd4 Bxd4 22. Nhf5
Bxf5 23. Nxf5 g6 24. Ne3 Kg7 25. Bb3 Bxe3 26. Rxe3 Qd4 27. Rc1
a4 28. Bc4 Rb8 29. Qd1 Rb2 30. Qxa4 Reb8 31. Qa3 Rb1 32. Kh2
Rxc1 33. Qxc1 Rb2 34. Rf3 Rxf2 35. Rxf2 Qxf2 36. Qxc3 Kh7
37. Qc1 Nh5 38. Qg5 f6 39. Qg4 Nf4 40. Qf3 Qe1 41. d4 Qc1
42. dxe5 fxe5 43. Bf1 c5 44. a4 c4 45. a5 c3 46. a6 c2 47. a7
Qa1 48. Qb3 c1=Q 49. Qf7+ Kh6 50. Qf8+ Kh7 51. Qf7+ Kh6
52. Qf8+ 1/2-1/2

[Event "World Blitz Championship"]
[Site "St Petersburg RUS"]
[Date "2018.12.29"]
[EventDate "2018.12.29"]
[Round "12"]
[Result "0-1"]
[White "Hao Wang"]
[Black "Dmitry Andreikin"]
[WhiteElo "2775"]
[BlackElo "2777"]
[PlyCount "70"]

1. e4 g6 2. Nf3 d6 3. d4 Nf6 4. Nc3 Bg7 5. Be2 O-O 6. O-O a6 7. h3 b5 8. e5
Nfd7 9. exd6 cxd6 10. Re1 Bb7 11. Bf1 Nf6 12. Bg5 Nbd7 13. a3 h6 14. Bf4
Nb6 15. Nh2 Rc8 16. Ne2 Nfd5 17. Bg3 e5 18. dxe5 dxe5 19. c3 f5 20. Nf3 f4
21. Bh2 e4 22. Nfd4 e3 23. f3 Qf6 24. Nc1 Nc4 25. Bxc4 bxc4 26. Nce2 g5 27.
Qc2 h5 28. Rad1 g4 29. hxg4 hxg4 30. fxg4 Qh4 31. Rf1 Qxg4 32. Qe4 Bxd4 33.
Rxd4 Nxc3 34. Qxb7 Nxe2+ 35. Kh1 Nxd4 0-1

[Event "World Blitz Championship"]
[Site "St Petersburg RUS"]
[Date "2018.12.29"]
[EventDate "?"]
[Round "1"]
[Result "1-0"]
[White "Pavel Potapov"]
[Black "Hao Wang"]
[WhiteElo "2542"]
[BlackElo "2775"]
[PlyCount "88"]

1. e4  e5  2. Nf3  Nc6  3. Nc3  Nf6  4. d4 
exd4  5. Nxd4  Bb4  6. Nxc6
 bxc6  7. Bd3  O-O  8. O-O  Re8  9. Qf3 
Bd6  10. Bf4  Bxf4  11. Qxf4
 d6  12. h3  Qe7 
13. Rfe1  Nh5  14. Qf3  Qe5
 15. Ne2  g6  16. b3  Bd7  17. Rad1  Re7  18.
g4  Ng7  19. Qg3  Qa5  20. a4  Rae8  21. f4 
Ne6  22. Qf2  Nc5  23. Ng3  Qc3  24. Re3  Qb2  25.
Rde1  Nxd3  26. Rxd3  c5  27. Rde3  Bc6  28. g5 
c4  29. h4  cxb3  30. cxb3  Qxf2+  31. Kxf2  Kg7 
32. h5  h6  33. hxg6  fxg6  34. gxh6+  Kxh6  35. Rc1  Bb7  36. f5  Rf7  37.
Rf3  c5  38. Rh1+  Kg7  39. Rg1  Rh8  40. fxg6 
Rxf3+  41. Kxf3  Rf8+  42. Ke3
 Kxg6  43. Nf5+  Kh5  44. Kf4  1-0

[Event "World Blitz Championship"]
[Site "St Petersburg RUS"]
[Date "2018.12.29"]
[EventDate "?"]
[Round "2"]
[Result "1-0"]
[White "Wang Hao"]
[Black "Timur Fakhrutdinov"]
[WhiteElo "2775"]
[BlackElo "2357"]
[PlyCount "77"]

1. e4 e5 2. Nf3 Nc6 3. Bc4 Bc5 4. c3 Nf6 5. d3 a6 6. O-O d6
7. Bb3 Ba7 8. Nbd2 O-O 9. h3 Be6 10. Bc2 d5 11. exd5 Nxd5
12. Re1 Re8 13. Nf1 f6 14. Ng3 Qd7 15. Nh4 Rad8 16. Qf3 Nde7
17. Bd2 Bd5 18. Qe2 Ng6 19. Nxg6 hxg6 20. Rad1 Ne7 21. Ne4 g5
22. Qh5 Bf7 23. Qf3 Ng6 24. Bc1 Nh4 25. Qe2 Be6 26. Bb3 Bxb3
27. axb3 Qf7 28. b4 Ng6 29. g3 Ne7 30. Kg2 Nf5 31. Rh1 Nd6
32. h4 Nxe4 33. Qxe4 f5 34. Qxb7 Bb6 35. Bxg5 Rd5 36. c4 Rd4
37. c5 f4 38. cxb6 e4 39. Bxf4 1-0

[Event "World Blitz Championship"]
[Site "St Petersburg RUS"]
[Date "2018.12.29"]
[EventDate "?"]
[Round "3"]
[Result "0-1"]
[White "Evgeny A Levin"]
[Black "Wang Hao"]
[WhiteElo "2539"]
[BlackElo "2775"]
[PlyCount "98"]

1. d4 Nf6 2. c4 e6 3. Nf3 b6 4. g3 Bb7 5. Bg2 g6 6. O-O Bg7
7. Qc2 O-O 8. Nc3 d5 9. cxd5 exd5 10. Bg5 h6 11. Bf4 c6
12. Ne5 Nbd7 13. Rad1 Nh5 14. Nxd7 Qxd7 15. Be5 f6 16. Bd6
Qxd6 17. Qxg6 Nf4 18. gxf4 Qxf4 19. Qg3 Qg5 20. Bf3 f5 21. Kh1
Qxg3 22. hxg3 f4 23. g4 Rae8 24. Kg2 Re6 25. Rh1 Rg6 26. Rh5
Bc8 27. Kh3 Be6 28. Rd2 Kf7 29. e4 fxe3 30. fxe3 Ke7 31. Bd1
Rf1 32. Kh2 Re1 33. Rh3 Bf6 34. Rg3 Bh4 35. Rh3 Bg5 36. Re2
Rxd1 37. Nxd1 Bxg4 38. Re1 Bxh3 39. Kxh3 Kd6 40. Nf2 Re6
41. e4 dxe4 42. Nxe4+ Ke7 43. Re2 Bf6 44. Nc3 Bxd4 45. Rc2
Re3+ 46. Kg4 Bxc3 47. bxc3 Kd6 48. c4 Kc5 49. Kh5 Re4 0-1

[Event "World Blitz Championship"]
[Site "St Petersburg RUS"]
[Date "2018.12.29"]
[EventDate "?"]
[Round "4"]
[Result "1-0"]
[White "Wang Hao"]
[Black "Evgeny Najer"]
[WhiteElo "2775"]
[BlackElo "2573"]
[PlyCount "93"]

1. e4 c5 2. Nf3 d6 3. d4 cxd4 4. Nxd4 Nf6 5. Nc3 a6 6. Be3 e5
7. Nb3 Be7 8. f3 O-O 9. Qd2 Be6 10. O-O-O Nbd7 11. g4 b5
12. g5 Nh5 13. Kb1 Nb6 14. Nd5 Nxd5 15. exd5 Bd7 16. Na5 Rc8
17. Bd3 Qc7 18. Rhg1 f5 19. gxf6 Bxf6 20. Nc6 Kh8 21. Be4 Be8
22. Qd3 g6 23. Qa3 Ra8 24. Bd2 Be7 25. Ba5 Qd7 26. Bb4 Rf6
27. Nxe5 Qc7 28. Nc6 Kg8 29. Nxe7+ Qxe7 30. Rge1 Qc7 31. Ba5
Qd7 32. Qe3 Rf8 33. Bc3 Nf6 34. Qd4 Rc8 35. b3 Qc7 36. Bb2 Qc5
37. Qd2 Bd7 38. Bd4 Qc7 39. Rg1 Be8 40. Bf5 Rd8 41. Be6+ Kg7
42. f4 Bd7 43. f5 Bxe6 44. dxe6 Qe7 45. fxg6 h6 46. Rde1 Rde8
47. Rg3 1-0

[Event "World Blitz Championship"]
[Site "St Petersburg RUS"]
[Date "2018.12.29"]
[EventDate "?"]
[Round "5"]
[Result "1/2-1/2"]
[White "Alexander Riazantsev"]
[Black "Wang Hao"]
[WhiteElo "2633"]
[BlackElo "2775"]
[PlyCount "166"]

1. d4 Nf6 2. c4 e6 3. Nf3 d5 4. Bg5 dxc4 5. e4 b5 6. a4 c6
7. Nc3 Bb4 8. e5 h6 9. exf6 hxg5 10. fxg7 Rg8 11. g3 g4
12. Ne5 Qd5 13. Nxg4 Nd7 14. f3 Bb7 15. Bg2 O-O-O 16. O-O Bxc3
17. bxc3 a6 18. f4 Qd6 19. Qf3 Rxg7 20. axb5 axb5 21. Ne5 Nxe5
22. fxe5 Qc7 23. Ra7 Qb6 24. Ra2 Rd7 25. Qf6 Rg8 26. Rb2 Qa5
27. Rc2 Qa3 28. Qf2 Rgd8 29. Rb1 Kc7 30. Qd2 Ra8 31. Rf1 Qe7
32. Qe1 c5 33. Bxb7 Kxb7 34. Qe4+ Kb8 35. Rb2 Rb7 36. Rfb1 b4
37. Qc6 Ra5 38. cxb4 cxb4 39. Qxc4 Rab5 40. Rc1 Qd7 41. Rb3
Qd8 42. Kg2 R5b6 43. Qc5 Rb5 44. Qc4 R5b6 45. h4 Rb5 46. Rc2
Ka7 47. Kh3 Kb6 48. Qc6+ Ka7 49. Qc4 Kb8 50. g4 f6 51. exf6
Qxf6 52. Qc8+ Ka7 53. Ra2+ Kb6 54. d5 exd5 55. Re3 Qf1+
56. Kh2 Qf4+ 57. Rg3 b3 58. Rb2 Re7 59. Qd8+ Rc7 60. Qb8+ Ka6
61. Qa8+ Kb6 62. Qb8+ Ka5 63. Qa8+ Kb6 64. Qb8+ Ka6 65. Qa8+
Kb6 66. Qb8+ Kc6 67. Qe8+ Kc5 68. Kh3 Qf1+ 69. Kh2 Qf4 70. Kh3
Qc1 71. Qf8+ Kc6 72. Qf6+ Kb7 73. Rgxb3 Qh1+ 74. Kg3 Qg1+
75. Kh3 Qh1+ 76. Kg3 Qg1+ 77. Kh3 Qh1+ 78. Kg3 Qg1+ 79. Kh3
Qh1+ 80. Kg3 Qg1+ 81. Kh3 Qh1+ 82. Kg3 Qg1+ 83. Kh3 Qh1+
1/2-1/2

[Event "World Blitz Championship"]
[Site "St Petersburg RUS"]
[Date "2018.12.29"]
[EventDate "?"]
[Round "6"]
[Result "1-0"]
[White "Wang Hao"]
[Black "Grigoriy Oparin"]
[WhiteElo "2775"]
[BlackElo "2641"]
[PlyCount "59"]

1. e4 e5 2. Nf3 Nc6 3. Bc4 Nf6 4. d3 Bc5 5. O-O O-O 6. Nbd2 d6
7. c3 a6 8. Bb3 Ba7 9. h3 Ne7 10. Re1 Ng6 11. Nf1 h6 12. Ng3
Re8 13. d4 Bd7 14. Bc2 c5 15. dxe5 dxe5 16. Nf5 Be6 17. Qe2 c4
18. Nh2 b5 19. Ng4 Nxg4 20. hxg4 Nf4 21. Qf3 Qc7 22. Bxf4 exf4
23. e5 Bxf5 24. gxf5 Rad8 25. Qxf4 Rd5 26. Rad1 Rdxe5 27. Rxe5
Rxe5 28. f6 Bb6 29. Qf3 Re6 30. Qa8+ 1-0

[Event "World Blitz Championship"]
[Site "St Petersburg RUS"]
[Date "2018.12.29"]
[EventDate "?"]
[Round "7"]
[Result "0-1"]
[White "Anton Korobov"]
[Black "Wang Hao"]
[WhiteElo "2677"]
[BlackElo "2775"]
[PlyCount "135"]

1. d4 Nf6 2. c4 e6 3. Nf3 d5 4. Nc3 Nbd7 5. cxd5 exd5 6. Bf4
c6 7. e3 Nh5 8. Be5 Nhf6 9. Bg3 Nh5 10. Bd3 Nxg3 11. hxg3 g6
12. Ne5 Nxe5 13. dxe5 Qg5 14. Nxd5 Qxe5 15. Nc3 Bg7 16. O-O h5
17. Bc4 Qe7 18. Qe2 Bg4 19. f3 Be6 20. Bxe6 Qxe6 21. Rad1 O-O
22. Rd3 Rad8 23. Rfd1 Rxd3 24. Rxd3 Re8 25. b3 Bxc3 26. Rxc3
Qe5 27. Qe1 Rd8 28. Kf2 Rd5 29. Rc2 Qd6 30. Qc3 Rd3 31. Qc4 a6
32. f4 Rd1 33. Qe4 Qd7 34. a4 Rb1 35. Qc4 Qd1 36. a5 Qg1+
37. Kf3 Rf1+ 38. Ke4 Rf2 39. Rxf2 Qxf2 40. Qb4 Qxg2+ 41. Kd4
Qd5+ 42. Kc3 Qd7 43. Qd4 Qe7 44. b4 Kh7 45. e4 Kg8 46. e5 Qe6
47. Qb6 Qd7 48. Qc5 Qg4 49. Qe3 Kg7 50. Kc4 Qe6+ 51. Kc3 Qd5
52. Qb6 Qf3+ 53. Kb2 Qxg3 54. Qxb7 Qxf4 55. e6 Qe5+ 56. Ka3
Qxe6 57. Qxa6 h4 58. Qd3 h3 59. Qg3 Qc8 60. Ka4 Kg8 61. Qh4
Qe6 62. Ka3 Qe3+ 63. Ka4 Qd3 64. Qg5 Qc2+ 65. Ka3 Qc3+ 66. Ka4
h2 67. Qd8+ Kg7 68. Qh4 0-1

[Event "World Blitz Championship"]
[Site "St Petersburg RUS"]
[Date "2018.12.29"]
[EventDate "?"]
[Round "8"]
[Result "1-0"]
[White "Wang Hao"]
[Black "Rauf Mamedov"]
[WhiteElo "2775"]
[BlackElo "2741"]
[PlyCount "147"]

1. e4 c5 2. Nf3 Nc6 3. Bb5 g6 4. Bxc6 dxc6 5. d3 Bg7 6. h3 Nf6
7. Nc3 O-O 8. O-O Qc7 9. Be3 b6 10. Qd2 e5 11. Bh6 Nh5
12. Bxg7 Kxg7 13. Ne2 Kg8 14. a3 a5 15. b4 axb4 16. axb4 Rxa1
17. Rxa1 cxb4 18. Qxb4 Be6 19. Ra6 Rb8 20. Qa3 c5 21. Ra7 Qd6
22. Qa1 f6 23. Qa3 Bf7 24. Qa4 Be6 25. Nc3 Nf4 26. Nb5 Qd8
27. Kh2 Bf7 28. Nc7 Qd6 29. g3 Ne2 30. Kg2 Nd4 31. Nxd4 cxd4
32. Nb5 Qd8 33. Qb4 Ra8 34. Rxa8 Qxa8 35. Qe7 Qe8 36. Qb4 Qc6
37. Na3 f5 38. f3 fxe4 39. fxe4 Qc5 40. Qb2 Qa5 41. Qc1 Qc3
42. Nb1 Qa1 43. Qf1 Qb2 44. Qd1 Qa1 45. Qf1 Ba2 46. Nd2 Qc3
47. Qd1 Qb2 48. Kf2 Qa3 49. Nf3 Qc5 50. Qd2 Be6 51. g4 b5
52. Kg3 b4 53. Qg5 Qxc2 54. Qd8+ Kg7 55. Qe7+ Bf7 56. Nxe5 Qa2
57. Qxb4 Qa1 58. Nf3 Qd1 59. Qxd4+ Kg8 60. Qd8+ Kg7 61. Qd4+
Kg8 62. Qe3 Qc2 63. d4 Bc4 64. d5 Qd1 65. Qd4 Qb3 66. Kf4 h6
67. d6 Be2 68. Qd5+ Qxd5 69. exd5 Kf8 70. Nd4 Bf1 71. h4 Ke8
72. g5 hxg5+ 73. hxg5 Kd7 74. Ke5 1-0

[Event "World Blitz Championship"]
[Site "St Petersburg RUS"]
[Date "2018.12.29"]
[EventDate "?"]
[Round "9"]
[Result "0-1"]
[White "Alireza Firouzja"]
[Black "Wang Hao"]
[WhiteElo "2667"]
[BlackElo "2775"]
[PlyCount "70"]

1. e4 e5 2. Nf3 Nc6 3. Bb5 Nf6 4. d3 Bc5 5. c3 O-O 6. Bg5 h6
7. Bh4 Be7 8. Bg3 d6 9. h3 a6 10. Ba4 Re8 11. O-O Bf8 12. Nbd2
Bd7 13. Re1 Ne7 14. Bxd7 Qxd7 15. d4 Ng6 16. Nc4 exd4 17. Qxd4
Rad8 18. Rad1 Qc6 19. Na5 Qb5 20. b4 b6 21. Nb3 c5 22. bxc5
bxc5 23. c4 Qxb3 24. axb3 cxd4 25. Rxd4 Rb8 26. Nd2 Ne5
27. Ra1 Nc6 28. Rd3 Nb4 29. Rc3 Nxe4 30. Nxe4 Rxe4 31. c5 Rc8
32. f3 Ree8 33. c6 Nxc6 34. Rxa6 Nd4 35. Rxc8 Rxc8 0-1